| 000 | 01592nam a22003257a 4500 | ||
|---|---|---|---|
| 001 | 8510 | ||
| 003 | FISKH | ||
| 005 | 20250916162427.0 | ||
| 008 | 250916b cb ||||| |||| 00| 0 eng d | ||
| 020 | _a9789995084844 | ||
| 040 |
_aFISKH _bkhr _cFISKH _dFISKH |
||
| 050 | _aPZ7 | ||
| 082 | _a800 | ||
| 100 | _aSotheary, Kimsun | ||
| 245 |
_aផ្កាកុលាបដុះលើអាចម៏គោ : _bRose growing on cow dung / _cនិពន្ធដោយ អ្នកស្រី គឹមស៊ុន សុធារី |
||
| 250 | _aចេញផ្សាយខែកញ្ញា ឆ្នាំ២០០៦ | ||
| 260 |
_aPhnom Penh : _bReading Book , _c2006. |
||
| 300 |
_a24 pages : _bcolor illustrations ; _c25 cm . |
||
| 490 | _aពិភពរឿងនិទាន | ||
| 505 | _aM | ||
| 520 | _aStory of a famer with beautiful wife and people often compared them to the rose on cow dung . | ||
| 520 | _aរឿងនៃជីវិតកសិករម្នាក់ដែលមានភរិយាស្រស់ស្អាត ហើយមនុស្សជាច្រើនជាញឹកញាប់ប្រៀបធៀបពួកគេជាមួយផ្កាកុលាបនៅលើអាចម៏គោ។ | ||
| 521 | 8 |
_a550
_bLexile estimate |
|
| 521 | 8 |
_aM
_bRaz-Plus |
|
| 650 |
_aផ្កាកុលាបដុះលើអាចម៏គោ _vរឿងនិទានកុមារ |
||
| 650 |
_aRose growing on cow dung _vChildren's story |
||
| 700 |
_aSan, Thai _eIllustrator |
||
| 942 |
_2ddc _cBK _n0 |
||
| 999 |
_c8510 _d8510 |
||